1325 1111 1283 1966 1399 1064 1861 1745 1309 1679 1935 1242 1685 1371 1507 1684 1243 1758 1823 1778 1328 1944 1673 1111 1157 1093 1247 1140 1702 1370 1484 1041 1849 1254 1523 1894 1875 1040 1525 1529 1944 1775 1958 1123 1427 1869 1547 1638 1710 1066 1924 1084 1797 1345 1277 1004 1496 1412 1694 1113 1029 1031 1893 1972 1561 1835 1998 1284 1044 1116 1503 1543 1900 1453 1491 1714 1549 1096 1414 1044 1106 1461 1799 1899 1373 1164 1135 1876 1662 1628 1896 1673 1087 1887 1837 1477 1811 1046 1682 BCNSPRNW ULIB Ver.6.0+V

เปลี่ยนเป็นภาษาไทย

Change to English
 แสดงรายละเอียดบรรณานุกรม
  กลับหน้าหลัก

Brief Record : Get Marc (ISO 2709) : E-mail record : QR code < ปิดหน้าต่าง
LEADER : 00000nam 2200000uu 4500
001    13399126624
003     ULIB
008    190124s2561||||th 000 0 tha d
020    ^a9786169262497
060    ^aWB320^bก47ว
100    ^aกุลภา ศรีสวัสดิ์,บรรณาธิการ
245    ^aเวชศาสตร์ฟื้นฟูในปัญหาที่พบบ่อย/^bกุลภา ศรีสวัสดิ์,บรรณาธิการ
250    ^aพิมพ์ครั้งที่ 1
260    ^aกรุงเทพฯ :^bคณะแพทยศาสตร์ศิริราชพยาบาล มหาวิทยาลัยมหิดล,^c2561
300    ^a374 หน้า
650    ^aการฟื้นฟูสมรรถภาพ
945    ^p450^l0^i004957
945    ^p450^l0^i004956
945    ^p450^l0^i004955
945    ^p450^l0^i004954
945    ^p450^l0^i004953
999    ^aประนอม เกษจรัล
รายการนี้ยังไม่มีแท็ก
คุณยังไม่ได้ล็อกอิน คุณสามารถมีกิจกรรมร่วมกับเว็บไซต์ได้ แต่ต้องล็อกอินก่อน ::
  ล็อกอิน

รายการสื่อสารสนเทศ

ลำดับที่ ประเภท เลขเรียก/บาร์โค้ด สถานที่ สถานะ
1. วิทยาศาสตร์การแพทย์ และสุขภาพ
หนังสือสำรอง
สถานะ=หนังสือสำรอง
WB320 ก47ว ฉ.1 
  Barcode: 004953
ห้องสมุดวิทยาเขตสวรรค์ประชารักษ์
►หนังสือทั่วไป
บนชั้น
2. วิทยาศาสตร์การแพทย์ และสุขภาพ
วิทยาศาสตร์การแพทย์ และสุขภาพ
WB320 ก47ว ฉ.2 
  Barcode: 004954
ห้องสมุดวิทยาเขตสวรรค์ประชารักษ์
►หนังสือทั่วไป
บนชั้น
3. วิทยาศาสตร์การแพทย์ และสุขภาพ
วิทยาศาสตร์การแพทย์ และสุขภาพ
WB320 ก47ว ฉ.3 
  Barcode: 004955
ห้องสมุดวิทยาเขตสวรรค์ประชารักษ์
►หนังสือทั่วไป
บนชั้น
4. วิทยาศาสตร์การแพทย์ และสุขภาพ
วิทยาศาสตร์การแพทย์ และสุขภาพ
WB320 ก47ว ฉ.4 
  Barcode: 004956
ห้องสมุดวิทยาเขตสวรรค์ประชารักษ์
►หนังสือทั่วไป
บนชั้น
5. วิทยาศาสตร์การแพทย์ และสุขภาพ
วิทยาศาสตร์การแพทย์ และสุขภาพ
WB320 ก47ว ฉ.5 
  Barcode: 004957
ห้องสมุดวิทยาเขตสวรรค์ประชารักษ์
►หนังสือทั่วไป
บนชั้น

รายการใกล้เคียง
    ผู้แต่ง [กุลภา ศรีสวัสดิ์,บรรณาธิการ]

    หัวเรื่อง [การฟื้นฟูสมรรถภาพ]

BibComment


ยังไม่เคยถูกคอมเมนท์

คอมเมนท์ทรัพยากรรายการนี้
  คอมเมนท์: เวชศาสตร์ฟื้นฟูใ..


 Copyright 2026. Bcnsprnw @Library